000
00252nam a2200097 4500
082
_a
PAH
100
_a
Pahlvi
245
_a
PROCEEDINGS OF THE FIRST IRANIAN CONGRESS OF ELECTRICAL ENGINEERING
260
_a
Iran:
_b
Pahlvi Universities,
_c
1974.
942
_c
BK
999
_c
10020
_d
10020